000 01578nam a2200349 4500
001 146
003 OSt
005 20250528074013.0
008 250128b |||||||g |||| 00| 1 eng d
040 _bpor
041 _heng
_apor
082 _a823
_bC555pr
100 1 _aChristie, Agatha,
_d1890-1976
_9268
240 _aBy the pricking of my thumbs
245 _aUm pressentimento funesto /
_cChristie, Agatha ; Tradução de Milton Persson
260 _aRio de Janeiro
_bRecord
_c1987
300 _a228 p.
490 1 _aTommy e Tuppence Beresford
520 _aAutora de mais de oitenta obras de ficção, Dame Agatha se notabilizou por uma incrível capacidade de criar enigmas humanos aparentemente indecifráveis, num mundo dinamizado pela antinomia de duas forças: o bem e o mal, forças eternas, a essência do maniqueísmo. Em sua ficção, há uma espécie de transgressão às regras do jogo da vida, e a morte sempre leva uma vantagem inicial até encontrar um oponente à altura. Aqui, este oponente surge nas figuras de Tommy e Tuppence, simpático e incansável casal que, junto com o leitor, desafia a argúcia que todo romance de Agatha Christie impõe.
650 0 _aLiteratura Inglesa
_989
650 0 _aRomance Policial
_911
650 0 _aSuspense
_910
650 0 _aMistério
_942
650 0 _aCrime e Investigação
_913
650 0 _aClássicos
_977
650 0 _aFilme
_926
655 0 _aRomance
_923
655 0 _aFicção
_922
700 _aMilton Persson
_eTradutor
_9155
830 _aTommy e Tuppence Beresford
_9291
942 _2ddc
_n0
_cBK
999 _c146
_d146